Toutes les équipes nationales de rugby à 7 en Asie - Statistiques

Statistiques générales
  • Ce quiz a été pris 12 fois
  • Le résultat moyen est 17 sur 25
Statistiques - réponses
Niveaux équipes nationales % Correct
🌍 régulière (compétitions internationales fréquentes) Japon
100%
🌎 émergente (niveau continental) Chine
92%
🌍 Corée du Sud
83%
🛠 Inde
83%
🌎 Indonésie
83%
🛠 Pakistan
83%
🌎 Thaïlande
83%
🌎 Arabie saoudite
75%
🛠 Bangladesh
75%
🛠 Iran
75%
🌎 Mongolie
75%
🌎 Qatar
75%
🌎 Singapour
75%
🌎 Emirats arabes unis
67%
🌎 Géorgie
67%
🌍 Hong Kong
67%
🌎 Ouzbékistan
67%
🛠 Jordanie
58%
🌎 Kazakhstan
58%
🛠 Liban
58%
🌎 Philippines
58%
🌎 Malaisie
50%
🛠 Népal
42%
🌍 Sri Lanka
42%
🛠 développement (équipes en structuration) Chypre
33%
Aucun quiz correspondant
Distribution des résultats
% des personnes avec chaque résultat
Percentile par nombre de réponses
Votre historique - résultats
Vous n’avez pas pris ce quiz